The selection / (Record no. 297727)
[ view plain ]
| 000 -LEADER | |
|---|---|
| fixed length control field | 01109nam a22002777a 4500 |
| 003 - CONTROL NUMBER IDENTIFIER | |
| control field | SISC |
| 005 - DATE AND TIME OF LATEST TRANSACTION | |
| control field | 20190112081939.0 |
| 008 - FIXED-LENGTH DATA ELEMENTS--GENERAL INFORMATION | |
| fixed length control field | 160714b xxu||||| |||| 00| 0 eng d |
| 020 ## - INTERNATIONAL STANDARD BOOK NUMBER | |
| International Standard Book Number | 9780062203137 |
| 050 ## - LIBRARY OF CONGRESS CALL NUMBER | |
| Classification number | PZ 7 .C2685133 2012 |
| 100 ## - MAIN ENTRY--PERSONAL NAME | |
| Personal name | Cass, Keira |
| 245 ## - TITLE STATEMENT | |
| Title | The selection / |
| Statement of responsibility, etc | Kiera Cass. |
| 250 ## - EDITION STATEMENT | |
| Edition statement | 1st ed. |
| 260 ## - PUBLICATION, DISTRIBUTION, ETC. (IMPRINT) | |
| Place of publication, distribution, etc | New York : |
| Name of publisher, distributor, etc | HarperCollins Publishers, |
| Date of publication, distribution, etc | c2012. |
| 300 ## - PHYSICAL DESCRIPTION | |
| Extent | 327 p. |
| Dimensions | 21 cm. |
| 440 ## - SERIES STATEMENT/ADDED ENTRY--TITLE | |
| Title | The selection series |
| 520 ## - SUMMARY, ETC. | |
| Summary, etc | "Sixteen-year-old America Singer is living in the caste-divided nation of Illéa, which formed after the war that destroyed the United States. America is chosen to compete in the Selection--a contest to see which girl can win the heart of Illéa's prince--but all she really wants is a chance for a future with her secret love, Aspen, who is a caste below her"-- Provided by publisher. |
| 650 ## - SUBJECT ADDED ENTRY--TOPICAL TERM | |
| Topical term or geographic name as entry element | Marriage--Fiction. |
| 650 ## - SUBJECT ADDED ENTRY--TOPICAL TERM | |
| Topical term or geographic name as entry element | Contests--Fiction. |
| 650 ## - SUBJECT ADDED ENTRY--TOPICAL TERM | |
| Topical term or geographic name as entry element | Social classes--Fiction. |
| 650 ## - SUBJECT ADDED ENTRY--TOPICAL TERM | |
| Topical term or geographic name as entry element | Princes--Fiction. |
| 650 ## - SUBJECT ADDED ENTRY--TOPICAL TERM | |
| Topical term or geographic name as entry element | Love--Fiction. |
| 942 ## - ADDED ENTRY ELEMENTS (KOHA) | |
| Source of classification or shelving scheme | Library of Congress Classification |
| Koha item type | Books |
| Withdrawn status | Lost status | Source of classification or shelving scheme | Damaged status | Home library | Current library | Shelving location | Date acquired | Source of acquisition | Sub Shelving location | Total Checkouts | Total Renewals | Full call number | Barcode | Date last seen | Date checked out | Price effective from | Koha item type | Public note |
|---|---|---|---|---|---|---|---|---|---|---|---|---|---|---|---|---|---|---|
| Library of Congress Classification | Luxembourg Library | Luxembourg Library | Fiction Section | 07/14/2016 | Library Fund | 19 | 8 | PZ 7 .C2685133 2012 | 20280 | 01/20/2020 | 01/20/2020 | 07/14/2016 | Books | |||||
| Library of Congress Classification | Luxembourg Library | Luxembourg Library | Fiction Section | 01/08/2019 | Donation | 4 | 3 | PZ 7 .C2685133 2012 | 20701 | 12/14/2023 | 11/25/2023 | 01/08/2019 | Books | Donated by Princess Fiona Cantero |